TRIBOLOGICKÉ VLASTNOSTI KERAMICKÝCH POVLAKOV

Bibliographic Details
Main Authors: Jankura, Daniel (Author), Kniewald, Dušan, 1938- (Author), Bačová, Viera, 1946- (Author)
Format: Article
Language:Slovak
ISBN:8088914892

MARC

LEADER 00000naa a2200000uu 4500
001 vtls011076668
003 SK-MaSNL
005 20260302134927.0
008 210909|2003 xo |||||||||||||||||slo|
015 |a SNBRA 
035 |a (urnnbn)urn:nbn:sk:snk:ar-a0cf1p 
035 |a (uuid)e8a317d5-bdef-4477-bab7-da4876cd4f2f 
035 |a urn:nbn:sk:snk-aavl5y 
040 |a SNKBUCL  |b slo  |c SNKBUCL  |e AACR2 
041 0 |a slo 
044 |a xo  |c SK 
100 1 |a Jankura, Daniel  |4 aut  |9 772020 
245 1 0 |a TRIBOLOGICKÉ VLASTNOSTI KERAMICKÝCH POVLAKOV  |c Daniel Jankura, Dušan Kniewald, Viera Bačová 
246 3 |a TRIBOLOGICAL PROPERTIES OF CERAMIC COATINGS 
700 1 |a Kniewald, Dušan,  |d 1938-  |4 aut  |9 223389 
700 1 |a Bačová, Viera,  |d 1946-  |4 aut  |9 40673 
773 0 |t Funkčné povrchy 2003  |d Trenčín : Konštrukta Industry, 2003  |g S. 63-68  |z 8088914892 
958 |a OND 
958 |a article12 
958 |a chapter 
999 |c 1324939  |d 1326869